Normal view
MARC view
- Supervisor Dr. Amir Hamza
Entry Topical Term
001 - CONTROL NUMBER
- control field: 126082
003 - CONTROL NUMBER IDENTIFIER
- control field: NUST
005 - DATE AND TIME OF LATEST TRANSACTION
- control field: 20240925114854.0
008 - FIXED-LENGTH DATA ELEMENTS
- fixed length control field: 240925|| aca||aabn | a|a d
040 ## - CATALOGING SOURCE
- Original cataloging agency: NUST
- Transcribing agency: NUST
150 ## - HEADING--TOPICAL TERM
- Topical term or geographic name entry element: Supervisor Dr. Amir Hamza
670 ## - SOURCE DATA FOUND
- Source citation: Work cat.: (NUST): Muhammad Abrar 126081, TH-SOF-2306-Design and Development of Gyrocompass A Night Navigation Device, 2024.
